000
00251nam a2200097Ia 4500
005
20250424112935.0
008
250424s9999 xx 000 0 und d
300
_a
vi, 176 p. ; :ill. 24 cm.
650
_a
communication--Nigeria--Periodicals.
942
_c
SR
999
_c
38003
_d
38003